000 01698nam a2200289 a 4500
003 AM-YEHGA
005 20250617164227.0
008 210929s2021 ai a|||gr|||||001|0|arm||
020 _a9789939843506
040 _aAM-YeHGA
041 0 _aarm
100 1 _aՔորթոշյան, Րաֆֆի
245 1 0 _aԱրտակ արք. Մանուկյանի անվան Թեհրանի հայոց ազգային-ազգագրական թանգարանի հավաքածուն /
_cՐ. Քորթոշյան ; Խմբագիր՝ Է. Աբրահամյան ; Սրբագրիչ՝ Հ. Հովհաննիսյան ; Ձևավորող՝ Ա. Գևորգյան, Լ. Հովհաննիսյան-Քորթոշյան.
260 _aԵրևան :
_bՀայկական ճարտարապետությունն ուսումնասիրող հիմնադրամ,
_c2021.
300 _a68 էջ :
_bգունավոր նկարներ,
_c22x23 սմ.
500 _aԱռանց տիտղոսաթերթի, նկարագրությունը՝ կազմից։
504 _aՏեղանունների ցանկ՝ էջ 67-68:
610 2 4 _aԱրտակ արք. Մանուկյանի անվան Թեհրանի հայոց ազգային-ազգագրական թանգարան
_xՆմուշների հավաքածուն
_zԻրան
_zԹեհրան
650 1 4 _aՀնագիտական հայկական թանգարան
700 1 _aԱբրահամյան, Էմմա
_eխմբագիր
_4edt
700 1 _aՀովհաննիսյան, Հասմիկ
_eսրբագրիչ
_4crr
700 1 _aԳևորգյան, Արմեն
_eձևավորող
_4dsn
700 1 _aՀովհաննիսյան-Քորթոշյան, Լիանա
_eձևավորող
_4dsn
942 _2udc
_cBK
001 1792698
090 _c523555
999 _c519992
_d519992